[Event "Mercredi 2018.10.10 ABCD"]
[Site "Montreal CAN"]
[Date "2018.10.17"]
[Round "2"]
[White "O'Connor, Michael"]
[Black "Alcantara, Maximo jr"]
[Result "0-1"]
[WhiteElo "1759"]
[BlackElo "1778"]
[PlyCount "132"]
[EventDate "2018.10.10"]
[EventType "tourn"]
[EventRounds "5"]
[EventCountry "CAN"]

1. d4 g6 2. Nf3 Bg7 3. c4 d6 4. Nc3 Nf6 5. e4 O-O 6. Be2 Nbd7 7. O-O e5 8. Be3
a6 9. d5 Ng4 10. Bg5 f6 11. Bh4 Nh6 12. Nd2 Qe8 13. b4 f5 14. f3 Nf6 15. Bf2
fxe4 16. Ncxe4 Nf5 17. c5 Nxe4 18. Nxe4 Qd7 19. Rc1 Qe7 20. Rc4 Bd7 21. a4 Rfc8
22. Qb3 Kh8 23. Rfc1 h6 24. cxd6 Nxd6 25. Rxc7 Nxe4 26. fxe4 Qd6 27. Rxc8+ Rxc8
28. Rxc8+ Bxc8 29. Bc5 Qc7 30. Qe3 Bd7 31. d6 Qc8 32. b5 axb5 33. Bxb5 Bxb5 34.
axb5 Qd7 35. b6 Kg8 36. h3 Kf8 37. Qb3 Bf6 38. Qf3 Kg7 39. Qb3 h5 40. Qa3 Qc6
41. Kh1 Qxe4 42. Qb4 Qxb4 43. Bxb4 Bd8 44. Bc5 Kf6 45. g4 Ke6 46. gxh5 gxh5 47.
Kg2 Kd5 48. Be3 Kxd6 49. Kf3 Kd5 50. Bg1 Be7 51. Kg3 Ke4 52. Bf2 Bg5 53. Be1
Kd3 54. Bf2 e4 55. Kg2 Kd2 56. Kf1 e3 57. Be1+ Kd1 58. h4 e2+ 59. Kg2 Bd2 60.
Bf2 e1=Q 61. Kh3 Qe6+ 62. Kh2 Qg4 63. Kh1 Ke2 64. Bg3 Kf1 65. Kh2 Bf4 66. Kh1
Qf3+ 0-1

[Event "Mercredi 2018.10.10 ABCD"]
[Site "Montreal CAN"]
[Date "2018.10.17"]
[Round "2"]
[White "Pomerantz, Daniel"]
[Black "Lopez Linares, Lizandro"]
[Result "0-1"]
[WhiteElo "2128"]
[BlackElo "2239"]
[PlyCount "84"]
[EventDate "2018.10.10"]
[EventType "tourn"]
[EventRounds "5"]
[EventCountry "CAN"]

1. e4 d5 2. exd5 Qxd5 3. Nc3 Qa5 4. d4 c6 5. Nf3 Nf6 6. Bc4 Bf5 7. Qe2 e6 8.
Bd2 Bb4 9. a3 O-O 10. O-O Bxc3 11. Bxc3 Qc7 12. d5 cxd5 13. Bb3 Nbd7 14. h3 Ne4
15. Bb4 Rfc8 16. Nd4 Bg6 17. h4 Ndf6 18. g4 Qf4 19. f3 Ng3 20. Qf2 Qxd4 21.
Rfe1 Qxf2+ 22. Kxf2 Nge4+ 23. fxe4 Bxe4 24. g5 Bxc2 25. gxf6 Bxb3 26. fxg7 Rc4
27. Re3 Bc2 28. Rc3 Rxh4 29. Rc1 Bf5 30. Rc7 Kxg7 31. Rxb7 d4 32. Rcc7 Bg6 33.
Kg3 Re4 34. Kf3 Re3+ 35. Kf4 e5+ 36. Kg4 a5 37. Bd2 Rd3 38. Bg5 h6 39. Bh4 h5+
40. Kg5 Ra6 41. Rb8 Rf3 42. Be1 Rf4 0-1

[Event "Mercredi 2018.10.10 ABCD"]
[Site "Montreal CAN"]
[Date "2018.10.24"]
[Round "3"]
[White "Alcantara, Maximo jr"]
[Black "Millette, Sylvain"]
[Result "1-0"]
[WhiteElo "1778"]
[BlackElo "1689"]
[PlyCount "85"]
[EventDate "2018.10.10"]
[EventType "tourn"]
[EventRounds "5"]
[EventCountry "CAN"]

1. Nf3 Nf6 2. d4 g6 3. g3 Bg7 4. Bg2 d5 5. O-O O-O 6. c3 c6 7. Re1 Nbd7 8. Nbd2
Ne4 9. Nxe4 dxe4 10. Ng5 e5 11. dxe5 Qc7 12. Nxe4 Nxe5 13. Qd6 Qxd6 14. Nxd6
Rd8 15. Nxc8 Raxc8 16. Be4 f5 17. Bc2 Kh8 18. f4 Nc4 19. Bd3 Nd6 20. Be3 Re8
21. Bc5 Ne4 22. Bxe4 Rxe4 23. Rad1 b6 24. Bd4 Rce8 25. Bxg7+ Kxg7 26. Rd7+ R8e7
27. Rxe7+ Rxe7 28. Kf2 Rd7 29. e4 fxe4 30. Rxe4 Kf6 31. Rd4 Rc7 32. Kf3 h5 33.
h3 c5 34. Rd6+ Kf7 35. g4 hxg4+ 36. hxg4 Re7 37. Rd2 Kf6 38. g5+ Ke6 39. Re2+
Kd6 40. Rxe7 Kxe7 41. Ke4 Ke6 42. c4 a6 43. a4 1-0

[Event "Mercredi 2018.10.10 ABCD"]
[Site "Montreal CAN"]
[Date "2018.10.24"]
[Round "3"]
[White "Biakolo, Lima"]
[Black "Barko, Maxim"]
[Result "1/2-1/2"]
[WhiteElo "1919"]
[BlackElo "1955"]
[PlyCount "22"]
[EventDate "2018.10.10"]
[EventType "tourn"]
[EventRounds "5"]
[EventCountry "CAN"]

1. d4 Nf6 2. c4 e5 3. dxe5 Ng4 4. Bf4 Nc6 5. Nf3 Bb4+ 6. Nc3 Bxc3+ 7. bxc3 d6
8. exd6 Qf6 9. Qd2 O-O 10. dxc7 Re8 11. Bg5 Qf5 {...} 1/2-1/2

[Event "Mercredi 2018.10.10 ABCD"]
[Site "Montreal CAN"]
[Date "2018.10.24"]
[Round "3"]
[White "Brassard, Sylvain"]
[Black "Nardone, Raul"]
[Result "0-1"]
[WhiteElo "1804"]
[BlackElo "1777"]
[PlyCount "104"]
[EventDate "2018.10.10"]
[EventType "tourn"]
[EventRounds "5"]
[EventCountry "CAN"]

1. d4 Nf6 2. Bf4 g6 3. e3 Bg7 4. Nf3 c5 5. c3 O-O 6. Be2 a6 7. h3 b6 8. a4 Bb7
9. O-O d6 10. Nbd2 Nbd7 11. Bh2 Rc8 12. Qc2 cxd4 13. exd4 Nb8 14. Qb3 Bh6 15.
Rfd1 Qc7 16. Ne1 Nc6 17. Nc4 Na5 18. Nxa5 bxa5 19. Nd3 Bd5 20. Qa3 Qb7 21. f3
Bb3 22. Rf1 Nd5 23. Bd1 Bxd1 24. Rfxd1 Ne3 25. Rdc1 Nc4 26. Qa2 Bxc1 27. Rxc1
Ne3 28. Bf4 Nf5 29. Re1 Rb8 30. Kf2 Rfe8 31. g4 Ng7 32. Bg3 h5 33. Re2 Qb3 34.
Qxb3 Rxb3 35. gxh5 gxh5 36. Nf4 Kf8 37. Nd3 Nf5 38. Bf4 Nxd4 39. Re1 Nf5 40.
Rg1 e5 41. Bc1 e4 42. Nf4 e3+ 43. Ke1 h4 44. Rg5 Re5 45. Nd3 Nd4 46. Rxe5 Nxf3+
47. Ke2 Nxe5 48. Nxe5 dxe5 49. Kxe3 f5 50. Kd3 Rb7 51. Kc4 f4 52. Kd5 f3 0-1

[Event "Mercredi 2018.10.10 ABCD"]
[Site "Montreal CAN"]
[Date "2018.10.24"]
[Round "3"]
[White "Guipi Bopala, Prince Eric jr"]
[Black "O'Connor, Michael"]
[Result "1-0"]
[WhiteElo "1757"]
[BlackElo "1759"]
[PlyCount "57"]
[EventDate "2018.10.10"]
[EventType "tourn"]
[EventRounds "5"]
[EventCountry "CAN"]

1. d4 d5 2. Bf4 c5 3. e3 cxd4 4. exd4 Nc6 5. c3 a6 6. Bd3 Nf6 7. Nd2 Bg4 8. Qb3
Qc8 9. Ngf3 e6 10. O-O Be7 11. h3 Bxf3 12. Nxf3 O-O 13. Bh2 Rd8 14. Ne5 Nxe5
15. Bxe5 Nd7 16. Bh2 b5 17. f4 f5 18. g4 Nf6 19. Rae1 g6 20. gxf5 gxf5 21. Bxf5
Rd6 22. Bd3 Kf7 23. f5 Rc6 24. fxe6+ Rxe6 25. Qxd5 Qc6 26. Qxc6 Rxc6 27. Be4
Rg8+ 28. Kh1 Rcc8 29. Bd5+ 1-0

[Event "Mercredi 2018.10.10 ABCD"]
[Site "Montreal CAN"]
[Date "2018.10.24"]
[Round "3"]
[White "Jacquet, Stephane"]
[Black "Templonuevo, Mark Geryl"]
[Result "1-0"]
[WhiteElo "1982"]
[BlackElo "1851"]
[PlyCount "59"]
[EventDate "2018.10.10"]
[EventType "tourn"]
[EventRounds "5"]
[EventCountry "CAN"]

1. d4 Nf6 2. c4 c5 3. d5 e6 4. Nc3 exd5 5. cxd5 d6 6. e4 g6 7. Nf3 Bg7 8. h3
O-O 9. Bd3 Na6 10. O-O Re8 11. Re1 Qc7 12. Bf4 Bf8 13. e5 Nh5 14. Bh2 Nb4 15.
Bb5 Bd7 16. a3 Na6 17. g4 Rad8 18. Bxd7 Rxd7 19. e6 Rde7 20. gxh5 Qb6 21. Qd2
f5 22. hxg6 hxg6 23. Kh1 c4 24. Qe3 Nc5 25. Rg1 Rg7 26. Nh4 Kh7 27. Nxg6 Ne4
28. Nxf8+ Rxf8 29. Nxe4 fxe4 30. Rxg7+ 1-0

[Event "Mercredi 2018.10.10 ABCD"]
[Site "Montreal CAN"]
[Date "2018.10.24"]
[Round "3"]
[White "Lopez Linares, Lizandro"]
[Black "Broday, Gabriel Renan"]
[Result "1-0"]
[WhiteElo "2239"]
[BlackElo "2070"]
[PlyCount "71"]
[EventDate "2018.10.10"]
[EventType "tourn"]
[EventRounds "5"]
[EventCountry "CAN"]

1. d4 d5 2. c4 c6 3. Nf3 Nf6 4. Nc3 e6 5. Bg5 Nbd7 6. e3 Be7 7. Rc1 O-O 8. Bd3
dxc4 9. Bxc4 b5 10. Bd3 Bb7 11. O-O a6 12. Bxf6 gxf6 13. Qc2 h6 14. Ne4 f5 15.
Nc5 Nxc5 16. dxc5 Bf6 17. e4 fxe4 18. Bxe4 Qa5 19. b3 Rfd8 20. Qe2 Qb4 21. Qe3
Kg7 22. Qf4 Rac8 23. g4 Rd5 24. a3 Qxa3 25. Bxd5 cxd5 26. h4 Rxc5 27. Rxc5 Qxc5
28. g5 hxg5 29. hxg5 Bc3 30. Ne5 Qc7 31. Qf6+ Kg8 32. f4 Qc5+ 33. Rf2 Qc7 34.
g6 Bxe5 35. gxf7+ Qxf7 36. Rg2+ 1-0

[Event "Mercredi 2018.10.10 ABCD"]
[Site "Montreal CAN"]
[Date "2018.10.24"]
[Round "3"]
[White "Nunez, Omar"]
[Black "Abdelaal, Ibrahim"]
[Result "1/2-1/2"]
[WhiteElo "1961"]
[BlackElo "1988"]
[PlyCount "43"]
[EventDate "2018.10.10"]
[EventType "tourn"]
[EventRounds "5"]
[EventCountry "CAN"]

1. Nf3 d5 2. g3 Nf6 3. Bg2 Bg4 4. d3 Nc6 5. O-O Qd7 6. Re1 Bxf3 7. exf3 O-O-O
8. d4 h5 9. h3 e6 10. Bg5 Be7 11. Nc3 Nh7 12. Bxe7 Nxe7 13. Qd3 h4 14. g4 Ng6
15. Ne2 Qd6 16. Qe3 Rhe8 17. f4 f6 18. c4 Kb8 19. c5 Qd7 20. Qd3 Nhf8 21. Rad1
c6 22. Qf3 1/2-1/2

[Event "Mercredi 2018.10.10 ABCD"]
[Site "Montreal CAN"]
[Date "2018.10.24"]
[Round "3"]
[White "O'Neill, Brendon"]
[Black "Baran, Marius"]
[Result "1/2-1/2"]
[WhiteElo "1770"]
[BlackElo "1769"]
[PlyCount "90"]
[EventDate "2018.10.10"]
[EventType "tourn"]
[EventRounds "5"]
[EventCountry "CAN"]

1. e4 d5 2. exd5 Nf6 3. c4 c6 4. dxc6 Nxc6 5. Nf3 e5 6. d3 e4 7. dxe4 Qxd1+ 8.
Kxd1 Nxe4 9. Be3 Bf5 10. Nh4 O-O-O+ 11. Kc1 Be6 12. Be2 Be7 13. Nf3 Bf6 14. a3
Rd7 15. Nbd2 Nxd2 16. Nxd2 Nd4 17. Bd1 Bf5 18. Ra2 Be6 19. b3 b6 20. Ne4 Be7
21. Rd2 Bxa3+ 22. Kb1 Rhd8 23. Bc2 Bb4 24. Rxd4 Rxd4 25. Bxd4 Rxd4 26. Ng5 h6
27. Nxe6 fxe6 28. Rd1 Rxd1+ 29. Bxd1 g5 30. Kc2 Kc7 31. Kd3 Kd6 32. Ke4 Ke7 33.
Kf3 Kf6 34. Kg4 a5 35. h4 gxh4 36. Kxh4 Be1 37. Kg3 Ke5 38. Kf3 Kd4 39. Ke2 Bb4
40. f4 Ke4 41. g3 Kf5 42. Kf3 Bd2 43. Bc2+ Kf6 44. g4 Bc1 45. Ke4 Bd2 1/2-1/2

[Event "Mercredi 2018.10.10 ABCD"]
[Site "Montreal CAN"]
[Date "2018.10.24"]
[Round "3"]
[White "Shahabi, Shahab"]
[Black "Nica, Ion"]
[Result "1/2-1/2"]
[WhiteElo "1658"]
[BlackElo "1644"]
[PlyCount "46"]
[EventDate "2018.10.10"]
[EventType "tourn"]
[EventRounds "5"]
[EventCountry "CAN"]

1. d4 d5 2. e3 Nf6 3. Nf3 Bg4 4. Be2 e6 5. O-O Bd6 6. Nbd2 Nbd7 7. a3 O-O 8. b4
c6 9. c4 Rc8 10. c5 Bb8 11. a4 Qc7 12. g3 Ne4 13. Nxe4 dxe4 14. Nd2 Bh3 15. Re1
f5 16. Bf1 Bxf1 17. Nxf1 Nf6 18. Qb3 Nd5 19. Nd2 Qf7 20. f4 exf3 21. Nxf3 h6
22. Ra2 Nf6 23. Rg2 Kh7 1/2-1/2

[Event "Mercredi 2018.10.10 ABCD"]
[Site "Montreal CAN"]
[Date "2018.10.24"]
[Round "3"]
[White "Tremblay, Alain"]
[Black "Pomerantz, Daniel"]
[Result "0-1"]
[WhiteElo "2122"]
[BlackElo "2128"]
[PlyCount "82"]
[EventDate "2018.10.10"]
[EventType "tourn"]
[EventRounds "5"]
[EventCountry "CAN"]

1. e4 c5 2. Nf3 e6 3. d4 cxd4 4. Nxd4 Nc6 5. Nc3 Qc7 6. a3 a6 7. Be3 Nf6 8. Be2
b5 9. Nxc6 dxc6 10. f4 Bb7 11. Bf3 c5 12. e5 Rd8 13. Qe2 Nd5 14. Bd2 Nxc3 15.
Bxc3 Be7 16. O-O Bxf3 17. Rxf3 O-O 18. f5 b4 19. f6 bxc3 20. Rg3 g6 21. fxe7
Qxe7 22. Rxc3 Rd5 23. Re3 Qg5 24. Rf1 Rfd8 25. Qf3 R8d7 26. Rfe1 Rd2 27. Rc3
Qh4 28. Qf1 Qd4+ 29. Kh1 Rf2 30. Qg1 Qf4 31. Rd3 Rxd3 32. cxd3 Qd2 33. Rb1 Qc2
34. Rc1 Qe2 35. h3 h5 36. b3 Rf5 37. Qxc5 Qxd3 38. Re1 Kg7 39. Qc4 Qg3 40. Qe2
Rf2 41. Qe3 Qxg2# 0-1

[Event "Mercredi 2018.10.10 ABCD"]
[Site "Montreal CAN"]
[Date "2018.10.31"]
[Round "4"]
[White "Alcantara, Maximo jr"]
[Black "Guipi Bopala, Prince Eric jr"]
[Result "0-1"]
[WhiteElo "1778"]
[BlackElo "1757"]
[PlyCount "86"]
[EventDate "2018.10.10"]
[EventType "tourn"]
[EventRounds "5"]
[EventCountry "CAN"]

1. Nf3 d5 2. d4 e6 3. g3 f5 4. Bg2 Nf6 5. c3 Bd6 6. O-O O-O 7. Nbd2 c6 8. Re1
Nbd7 9. Nf1 b6 10. Ng5 Qe7 11. f3 h6 12. Nh3 Bb7 13. e4 fxe4 14. fxe4 dxe4 15.
Nd2 c5 16. Nxe4 Nxe4 17. Bxe4 Bxe4 18. Rxe4 cxd4 19. cxd4 e5 20. Nf4 Qf6 21.
dxe5 Nxe5 22. Be3 Rad8 23. Qd5+ Rf7 24. Qe6 Nf3+ 25. Kg2 Qxb2+ 26. Kxf3 Qxa1
27. Rd4 Be7 28. Rxd8+ Bxd8 29. Kg4 Qd1+ 30. Kh3 Qd7 31. Bd4 Qxe6+ 32. Nxe6 Bf6
33. Bf2 Rd7 34. a4 Rd2 35. Bg1 Kf7 36. Nc7 Bd4 37. Bxd4 Rxd4 38. a5 bxa5 39.
Nb5 Rb4 40. Nxa7 a4 41. Nc6 Rb2 42. Ne5+ Ke6 43. Nd3 a3 0-1

[Event "Mercredi 2018.10.10 ABCD"]
[Site "Montreal CAN"]
[Date "2018.10.31"]
[Round "4"]
[White "Baran, Marius"]
[Black "Brassard, Sylvain"]
[Result "1-0"]
[WhiteElo "1769"]
[BlackElo "1804"]
[PlyCount "33"]
[EventDate "2018.10.10"]
[EventType "tourn"]
[EventRounds "5"]
[EventCountry "CAN"]

1. e4 Nf6 2. e5 Nd5 3. d4 d6 4. Bc4 Nb6 5. Bb3 Nc6 6. e6 fxe6 7. Nf3 Qd7 8. Ng5
d5 9. c3 g6 10. Qf3 Nd8 11. Bc2 Bg7 12. Nxh7 Qc6 13. Bxg6+ Kd7 14. O-O e5 15.
Qg4+ Ne6 16. Ng5 Kd8 17. Nf7+ 1-0

[Event "Mercredi 2018.10.10 ABCD"]
[Site "Montreal CAN"]
[Date "2018.10.31"]
[Round "4"]
[White "Biakolo, Lima"]
[Black "Nunez, Omar"]
[Result "1-0"]
[WhiteElo "1919"]
[BlackElo "1961"]
[PlyCount "49"]
[EventDate "2018.10.10"]
[EventType "tourn"]
[EventRounds "5"]
[EventCountry "CAN"]

1. e4 d5 2. exd5 Qxd5 3. Nc3 Qa5 4. Nf3 Nf6 5. Be2 Nc6 6. O-O Bg4 7. Bb5 O-O-O
8. Bxc6 bxc6 9. Qe2 e6 10. d3 Qh5 11. Bf4 Bxf3 12. gxf3 Bd6 13. Bg3 Qg6 14. Ne4
h5 15. Kh1 Bxg3 16. fxg3 h4 17. g4 Nd5 18. Nc5 Nf4 19. Qe3 e5 20. Qxe5 Qd6 21.
Qf5+ Kb8 22. Ne4 g6 23. Nxd6 gxf5 24. Nxf7 fxg4 25. fxg4 1-0

[Event "Mercredi 2018.10.10 ABCD"]
[Site "Montreal CAN"]
[Date "2018.10.31"]
[Round "4"]
[White "Dumouchel, Alain"]
[Black "O'Neill, Brendon"]
[Result "1-0"]
[WhiteElo "1816"]
[BlackElo "1770"]
[PlyCount "46"]
[EventDate "2018.10.10"]
[EventType "tourn"]
[EventRounds "5"]
[EventCountry "CAN"]

1. d4 f5 2. Bf4 Nf6 3. Nf3 e6 4. e3 Be7 5. Nbd2 O-O 6. Bd3 d6 7. Qe2 Nbd7 8.
Bg3 Qe8 9. O-O Nh5 10. Rfe1 g5 11. a4 Nxg3 12. hxg3 e5 13. c3 e4 14. Bc4+ Kh8
15. Nh2 Nf6 16. a5 d5 17. Bb3 a6 18. c4 c6 19. Nb1 Bb4 20. Nc3 Qe7 21. cxd5
cxd5 22. Rac1 Bxa5 23. Nxd5 Nxd5 {...} 1-0

[Event "Mercredi 2018.10.10 ABCD"]
[Site "Montreal CAN"]
[Date "2018.10.31"]
[Round "4"]
[White "Gates, Claude-Eric"]
[Black "Nardone, Raul"]
[Result "1-0"]
[WhiteElo "1765"]
[BlackElo "1777"]
[PlyCount "65"]
[EventDate "2018.10.10"]
[EventType "tourn"]
[EventRounds "5"]
[EventCountry "CAN"]

1. d4 Nf6 2. c4 g6 3. Nc3 Bg7 4. e4 d6 5. f3 O-O 6. Be3 Nc6 7. Nge2 e5 8. d5
Ne7 9. Qd2 c6 10. O-O-O cxd5 11. cxd5 Bd7 12. g4 Bxg4 13. fxg4 Nxg4 14. Ng3
Nxe3 15. Qxe3 Qa5 16. Kb1 a6 17. h4 b5 18. h5 b4 19. Nce2 Rac8 20. Nc1 Qc7 21.
Bxa6 Qc2+ 22. Ka1 Ra8 23. Qd3 Qa4 24. Bc4 Nc8 25. Bb3 Qa5 26. hxg6 fxg6 27.
Rdg1 Na7 28. Nf5 gxf5 29. Qh3 Rf7 30. Qxh7+ Kf8 31. Rxg7 Rxg7 32. Qxf5+ Rf7 33.
Rh8+ 1-0

[Event "Mercredi 2018.10.10 ABCD"]
[Site "Montreal CAN"]
[Date "2018.10.31"]
[Round "4"]
[White "Millette, Sylvain"]
[Black "Nica, Ion"]
[Result "1/2-1/2"]
[WhiteElo "1689"]
[BlackElo "1644"]
[PlyCount "83"]
[EventDate "2018.10.10"]
[EventType "tourn"]
[EventRounds "5"]
[EventCountry "CAN"]

1. e4 c5 2. d4 cxd4 3. c3 dxc3 4. Nxc3 Nc6 5. Nf3 d6 6. Bc4 Nf6 7. O-O a6 8.
Qe2 Bg4 9. Nd5 Ne5 10. Nxf6+ exf6 11. Bd5 Qb8 12. Bf4 Be7 13. Bxe5 Bxf3 14.
Qxf3 dxe5 15. Rac1 O-O 16. Qb3 Ra7 17. Rc2 b6 18. Rfc1 Bc5 19. Qc4 a5 20. a3 a4
21. g3 g6 22. Kg2 Rc8 23. b4 axb3 24. Qxb3 Kg7 25. a4 Qd6 26. Rd1 Qd7 27. Ra2
Bd4 28. Rdd2 Rc3 29. Qb5 Qc8 30. Qe2 Ra5 31. Rdc2 Rac5 32. Rxc3 Bxc3 33. Rc2 f5
34. f3 fxe4 35. fxe4 f5 36. Qd3 fxe4 37. Qxe4 Qf5 38. Qe2 Bd4 39. Be4 Qc8 40.
Qd3 Rxc2+ 41. Qxc2 Qxc2+ 42. Bxc2 1/2-1/2

[Event "Mercredi 2018.10.10 ABCD"]
[Site "Montreal CAN"]
[Date "2018.10.31"]
[Round "4"]
[White "Nikulich, Oleksandr"]
[Black "Lopez Linares, Lizandro"]
[Result "1/2-1/2"]
[WhiteElo "2081"]
[BlackElo "2239"]
[PlyCount "105"]
[EventDate "2018.10.10"]
[EventType "tourn"]
[EventRounds "5"]
[EventCountry "CAN"]

1. e4 d5 2. exd5 Qxd5 3. Nc3 Qa5 4. d4 c6 5. Nf3 Nf6 6. Bc4 Bf5 7. Bd2 e6 8.
Nd5 Qd8 9. Nxf6+ gxf6 10. Bb3 Nd7 11. Qe2 Be7 12. Nh4 Bg6 13. O-O-O Qc7 14. Kb1
O-O-O 15. Nxg6 hxg6 16. c4 Rxh2 17. Qf3 Rhh8 18. Bc3 Kb8 19. Bc2 a5 20. Rxh8
Rxh8 21. d5 e5 22. d6 Bxd6 23. Qd3 Rh2 24. Qxd6 Qxd6 25. Rxd6 Kc7 26. Rd1 Rxg2
27. Rf1 b6 28. a3 f5 29. Kc1 Kd6 30. Kd2 Kc5 31. Bd3 Kd6 32. Ke3 e4 33. Bb1 Ne5
34. Rd1+ Ke6 35. Bxe5 Kxe5 36. Ke2 f4 37. Kf1 f3 38. b4 axb4 39. axb4 g5 40. b5
cxb5 41. Rd5+ Kf4 42. Rxb5 g4 43. Rxb6 f5 44. c5 g3 45. fxg3+ Ke5 46. Rb3 Rxg3
47. c6 Rg8 48. c7 Rc8 49. Rb5+ Kd4 50. Rxf5 Rxc7 51. Kf2 Rc1 52. Bxe4 Kxe4 53.
Rxf3 1/2-1/2

[Event "Mercredi 2018.10.10 ABCD"]
[Site "Montreal CAN"]
[Date "2018.10.31"]
[Round "4"]
[White "O'Connor, Michael"]
[Black "Shahabi, Shahab"]
[Result "1/2-1/2"]
[WhiteElo "1759"]
[BlackElo "1658"]
[PlyCount "34"]
[EventDate "2018.10.10"]
[EventType "tourn"]
[EventRounds "5"]
[EventCountry "CAN"]

1. d4 Nf6 2. c4 g6 3. Nf3 Bg7 4. Nc3 d5 5. Bg5 c6 6. e3 O-O 7. h3 Re8 8. Bd3
Nbd7 9. Bf4 Nh5 10. Bh2 e5 11. dxe5 Nxe5 12. Nxe5 Bxe5 13. Bxe5 Rxe5 14. cxd5
cxd5 15. Be2 Nf6 16. Qd4 Re8 17. Bf3 Be6 1/2-1/2

[Event "Mercredi 2018.10.10 ABCD"]
[Site "Montreal CAN"]
[Date "2018.10.31"]
[Round "4"]
[White "Tremblay, Alain"]
[Black "Broday, Gabriel Renan"]
[Result "0-1"]
[WhiteElo "2122"]
[BlackElo "2070"]
[PlyCount "36"]
[EventDate "2018.10.10"]
[EventType "tourn"]
[EventRounds "5"]
[EventCountry "CAN"]

1. e3 d5 2. f4 Nf6 3. Nf3 Bg4 4. Be2 Bxf3 5. Bxf3 e6 6. O-O c5 7. d4 Nc6 8. c3
Bd6 9. Nd2 Qb6 10. Nb3 cxd4 11. exd4 a5 12. a4 O-O 13. Be3 Rfe8 14. Re1 Ne7 15.
g4 Ng6 16. f5 exf5 17. gxf5 Nh4 18. Bg4 Re4 0-1

[Event "Mercredi 2018.10.10 ABCD"]
[Site "Montreal CAN"]
[Date "2018.11.07"]
[Round "5"]
[White "Barko, Maxim"]
[Black "Jacquet, Stephane"]
[Result "1-0"]
[WhiteElo "1955"]
[BlackElo "1982"]
[PlyCount "65"]
[EventDate "2018.10.10"]
[EventType "tourn"]
[EventRounds "5"]
[EventCountry "CAN"]

1. d4 d5 2. c4 dxc4 3. e3 e5 4. Bxc4 exd4 5. exd4 Nf6 6. Nc3 Be7 7. Nf3 O-O 8.
h3 a6 9. O-O b5 10. Bb3 Bb7 11. Be3 Nbd7 12. Rc1 Rc8 13. Qe2 c5 14. Rfd1 c4 15.
Bc2 Re8 16. Ne5 Bd6 17. Bf5 g6 18. Bg4 Nxg4 19. Qxg4 Nf6 20. Qg5 Nh5 21. Qxd8
Rcxd8 22. g4 Ng7 23. Bg5 Be7 24. Bxe7 Rxe7 25. g5 Ne6 26. d5 Nxg5 27. Nc6 Bxc6
28. dxc6 Rxd1+ 29. Rxd1 Rc7 30. Nd5 Ne6 31. Nxc7 Nxc7 32. Rd7 b4 33. Kf1 1-0

[Event "Mercredi 2018.10.10 ABCD"]
[Site "Montreal CAN"]
[Date "2018.11.07"]
[Round "5"]
[White "Biakolo, Lima"]
[Black "Abdelaal, Ibrahim"]
[Result "0-1"]
[WhiteElo "1919"]
[BlackElo "1988"]
[PlyCount "62"]
[EventDate "2018.10.10"]
[EventType "tourn"]
[EventRounds "5"]
[EventCountry "CAN"]

1. e4 d5 2. exd5 Nf6 3. d4 Nxd5 4. c4 Nb4 5. Qa4+ N8c6 6. d5 b5 7. cxb5 Bf5 8.
Na3 Qxd5 9. bxc6 Qe4+ 10. Be3 Nd3+ 11. Bxd3 Qxa4 12. Bxf5 Qa5+ 13. Ke2 Qxf5 14.
Nf3 e5 15. Nb5 Qc2+ 16. Nd2 Qxc6 17. a4 Bd6 18. Rhc1 Qxg2 19. Rg1 Qc6 20. Rxg7
a6 21. Nc3 f5 22. f4 exf4 23. Bd4 f3+ 24. Nxf3 O-O-O 25. Rg5 Rhe8+ 26. Kf2 Bc5
27. Bxc5 Qxc5+ 28. Kg2 Rg8 29. h4 Rxg5+ 30. hxg5 Qb4 31. Rb1 Rd3 0-1

[Event "Mercredi 2018.10.10 ABCD"]
[Site "Montreal CAN"]
[Date "2018.11.07"]
[Round "5"]
[White "Lopez Linares, Lizandro"]
[Black "Tremblay, Alain"]
[Result "1-0"]
[WhiteElo "2239"]
[BlackElo "2122"]
[PlyCount "45"]
[EventDate "2018.10.10"]
[EventType "tourn"]
[EventRounds "5"]
[EventCountry "CAN"]

1. d4 d5 2. c4 c6 3. Nf3 Nf6 4. Nc3 dxc4 5. a4 Bf5 6. e3 e6 7. Bxc4 Bb4 8. O-O
Nbd7 9. Qb3 a5 10. Na2 Be7 11. Nh4 O-O 12. Nxf5 exf5 13. Qxb7 Ne4 14. Qb3 c5
15. Nc3 Rb8 16. Nb5 Nd6 17. Rd1 Nxc4 18. Qxc4 Nb6 19. Qc2 Qc8 20. d5 Rd8 21. d6
Bf6 22. Bd2 Nd5 23. Bxa5 1-0

[Event "Mercredi 2018.10.10 ABCD"]
[Site "Montreal CAN"]
[Date "2018.11.07"]
[Round "5"]
[White "Nardone, Raul"]
[Black "Baran, Marius"]
[Result "0-1"]
[WhiteElo "1777"]
[BlackElo "1769"]
[PlyCount "104"]
[EventDate "2018.10.10"]
[EventType "tourn"]
[EventRounds "5"]
[EventCountry "CAN"]

1. d4 d5 2. Bf4 Bf5 3. e3 e6 4. Nf3 Nf6 5. Be2 Bd6 6. Bg3 O-O 7. Nbd2 c5 8. c3
Nc6 9. Ne5 Rc8 10. O-O Qc7 11. f4 Ne4 12. Be1 Nxd2 13. Qxd2 f6 14. Nf3 Be4 15.
dxc5 Bxc5 16. Nd4 Qf7 17. b4 Bb6 18. a4 a6 19. Bg4 f5 20. Bf3 Rfd8 21. Bh4 Rd7
22. Rad1 Rdc7 23. Bxe4 fxe4 24. Rc1 Ne7 25. Bxe7 Rxe7 26. Kh1 g6 27. Qb2 Rec7
28. Kg1 Qd7 29. a5 Ba7 30. Qd2 Rc4 31. Kh1 Bxd4 32. cxd4 Qc7 33. Rce1 Rc2 34.
Qd1 Qc3 35. Qg4 Re8 36. h4 Qxb4 37. h5 Qf8 38. hxg6 Qh6+ 39. Kg1 Qxg6 40. Qxg6+
hxg6 41. Rb1 Re7 42. Rb6 Ra2 43. Rfb1 Rxa5 44. Rxb7 Kf7 45. Rxe7+ Kxe7 46. Rb7+
Kf6 47. Rb6 Ra2 48. Rc6 a5 49. Ra6 a4 50. Kh2 Ra3 51. Kg1 Rxe3 52. Rxa4 Kf5 0-1

[Event "Mercredi 2018.10.10 ABCD"]
[Site "Montreal CAN"]
[Date "2018.11.07"]
[Round "5"]
[White "Nica, Ion"]
[Black "O'Connor, Michael"]
[Result "1-0"]
[WhiteElo "1644"]
[BlackElo "1759"]
[PlyCount "43"]
[EventDate "2018.10.10"]
[EventType "tourn"]
[EventRounds "5"]
[EventCountry "CAN"]

1. d4 Nf6 2. Nc3 g6 3. e4 d6 4. f4 Bg7 5. Nf3 O-O 6. Bc4 c6 7. e5 dxe5 8. fxe5
Nd5 9. Ne4 Kh8 10. c3 b6 11. O-O a5 12. Qe1 Na6 13. Qh4 f6 14. Bh6 Nac7 15.
Neg5 fxg5 16. Nxg5 Bf6 17. Bxf8 Bxg5 18. Qxg5 Ne6 19. Qh6 Bd7 20. Bxd5 cxd5 21.
Rf7 Nxf8 22. Qg7# 1-0

[Event "Mercredi 2018.10.10 ABCD"]
[Site "Montreal CAN"]
[Date "2018.11.07"]
[Round "5"]
[White "Nunez, Omar"]
[Black "Templonuevo, Mark Geryl"]
[Result "1-0"]
[WhiteElo "1961"]
[BlackElo "1851"]
[PlyCount "52"]
[EventDate "2018.10.10"]
[EventType "tourn"]
[EventRounds "5"]
[EventCountry "CAN"]

1. f4 e5 2. fxe5 d6 3. Nf3 g5 4. d4 g4 5. Bg5 Qd7 6. Ng1 Qf5 7. Qd2 Nc6 8. Nc3
dxe5 9. e4 Qg6 10. dxe5 Bb4 11. Bb5 Bxc3 12. Bxc6+ Qxc6 13. bxc3 Qxe4+ 14. Ne2
Bf5 15. O-O-O Kf8 16. Ng3 Qxe5 17. Nxf5 Qxf5 18. h4 h5 19. Qd4 Rh7 20. Qb4+ Kg7
21. Rhf1 Qe6 22. Qxb7 Rf8 23. Qxa7 Qc6 24. Qd4+ Kg6 25. g3 f5 26. Qd5 Qa6 1-0